|
|
|
|
| LEADER |
00000nam a22000007a 4500 |
| 003 |
Ucuenca |
| 005 |
20230308225148.0 |
| 007 |
ta |
| 008 |
170704b1971 cl ||||| |||| 00| 0 spa d |
| 999 |
|
|
|c 151627
|d 151627
|
| 040 |
|
|
|b spa
|a UCuenca-cdrjbv
|c UCuenca
|e rda
|
| 041 |
0 |
|
|a spa
|
| 082 |
0 |
|
|a 595.7
|
| 245 |
|
|
|a Curso teórico práctico de entomología
|c María Etcheverry, José Herrera
|
| 264 |
|
|
|a Santiago de Chile
|b Universitaria
|c 1971
|
| 300 |
|
|
|a 385 páginas:
|b ilu
|c 26 cm
|
| 336 |
|
|
|2 rdacontent
|a texto
|b txt
|
| 337 |
|
|
|2 rdamedia
|a no mediado
|b n
|
| 338 |
|
|
|2 rdacarrier
|a volumen
|b nc
|
| 520 |
3 |
|
|a El curso teórico- práctico de entomología de María Etcheverry y José Herrera constituye un trabajo de elaboración y ordenamiento de aquellas materias que son propias de la ciencia entomológica
|
| 650 |
|
|
|9 72825
|a Entomologia veterinaria
|
| 650 |
|
|
|9 4656
|a Insectos
|
| 650 |
|
0 |
|a Entomología
|9 11250
|
| 700 |
1 |
|
|9 205056
|a Etcheverry, María
|
| 700 |
1 |
|
|9 205057
|a Herrera, José
|
| 942 |
|
|
|c BK
|0 4
|2 ddc
|